000 00849cad a22001935a 4500
001 L154596
008 120103e20111222xxk 000 0 eng d
035 _a(Sirsi) u154596
041 0 _aeng
245 0 0 _aRecord year for Prime London residential real estate
_h[electronic resource]
260 _c2011
490 _aSavills UK News
_v22 December 2011
520 _aResidential values across the whole of prime London have ended 2011 on a record high. International buyers account for 55% of prime Central London sales in 2011.
590 _aKA
651 4 _aLONDON
690 _aPROPERTY-RESIDENTIAL PROPERTY-RESIDENTIAL PROPERTY MARKET
856 4 0 _uhttps://www.savills.co.uk/_news/newsitem.aspx?intSitePageId=72418&intNewsSitePageId=117869-0&intNewsMonth=12&intNewsYear=2011
_zView this item free of charge at www.savills co.uk
942 _n0
999 _c83682
_d83682